| 000 | 01383nam a2200361 c 4500 | ||
|---|---|---|---|
| 999 |
_c159770 _d159770 |
||
| 003 | BLK | ||
| 005 | 20250709140110.0 | ||
| 008 | 180410b bul|||||r ||||||| ||bul|| | ||
| 010 | _aKNG00166944000 | ||
| 020 | _a978-619-150-092-5 | ||
| 040 | _aBLK | ||
| 041 |
_aBUL _cBUL |
||
| 072 | 7 |
_2bullib _aН8301 _xТрилъри Н |
|
| 080 |
_aАмериканска литература (на САЩ) _b821.111(73) _x-31 _z821.111(73)-31 |
||
| 100 | 1 |
_aКенеди, Дъглас _9265304 |
|
| 139 |
_aКенеди, Дъглас _bК 50 |
||
| 245 | 1 | 0 |
_aМоментът _cДъглас Кенеди; прев. от англ. Невена Венциславова Кръстева. |
| 257 | _aUSA | ||
| 260 |
_bКолибри _c2012 _fСофия : Инвестпрес |
||
| 300 |
_a423 с. _c22 см |
||
| 380 | _aX | ||
| 490 | 1 | _aСъвременни трилъри | |
| 500 | _aОриг. загл.: The moment / Douglas Kennedy | ||
| 659 | _aН | ||
| 700 | 1 |
_aКръстева, Невена Венциславова _eпрев. от англ. _gДишлиева-Кръстева, Невена Венциславова _9377572 |
|
| 852 | _aЦб 271381 | ||
| 856 | 4 | _qpdf | |
| 856 | 4 | _qpdf | |
| 942 |
_cKNG _n0 _s1 _020 |
||
| 944 |
_aCR _c07.11.2014 _k30576 _lЦветомила Тодорова |
||
| 944 |
_aED _c27.05.2015 _kГрета_Цуфелде |
||
| 999 | _d159770 | ||